Post Modern Voices : (Record no. 195373)

MARC details
000 -LEADER
fixed length control field 00679nam a22002057a 4500
005 - DATE AND TIME OF LATEST TRANSACTION
control field 20230324100912.0
010 ## - LCCN (DPL NO)
LC control number ENG-136478
020 ## - INTERNATIONAL STANDARD BOOK NUMBER
International Standard Book Number 9789390670260
Terms of availability 650.00
035 ## - SYSTEM CONTROL NUMBER
System control number EN-120010
037 ## - SOURCE OF ACQUISITION
Source of stock number/acquisition DBAD/PUB
082 ## - DEWEY DECIMAL CLASSIFICATION NUMBER
Classification number 881
100 ## - MAIN ENTRY--PERSONAL NAME
Personal name Levett,Jeffery
245 ## - TITLE STATEMENT
Title Post Modern Voices :
Statement of responsibility, etc By Jeffery Levett ...[et.al] ;Edited By Tamali Neogi
Remainder of title Creative Literature /
250 ## - EDITION STATEMENT
Edition statement Eighth
260 ## - PUBLICATION, DISTRIBUTION, ETC. (IMPRINT)
Name of publisher, distributor, etc Earth Vision Publications
Place of publication, distribution, etc Haryana
Date of publication, distribution, etc 2022
270 ## - ADDRESS
City Haryana
Postal code 122002
Address H-23/16, DLF, Phase-1 Gurugram
Telephone number 7015676289
Electronic mail address earthvisionpublications@gmail.com
300 ## - PHYSICAL DESCRIPTION
Extent iii122p.
Dimensions 21cm(pbk)
700 ## - ADDED ENTRY--PERSONAL NAME
Personal name Tamali Neogi
942 ## - ADDED ENTRY ELEMENTS (KOHA)
Source of classification or shelving scheme Dewey Decimal Classification
Item type English Books
Classification part 881
Call number suffix JEF
Holdings
Withdrawn status Lost status Materials specified (bound volume or other part) Not for loan Collection code Home library Current library Date acquired Source of acquisition Cost, normal purchase price Full call number Barcode Copy number Koha item type
    Vol- 8   Non-fiction Shahdara Branch Shahdara Branch 23/03/2023 DBAD/PUB 650.00 881 JEF EN-120010 1 English Books

© Delhi Public Library
Hit Counter
free hit counter